Guess The Brand! #43 - Statistics

General Stats
  • This quiz has been taken 21 times
  • The average score is 21 of 40
Answer Stats
Picture Answer % Correct
France
95%
Germany
95%
Canada
89%
Italy
89%
Brazil
84%
Mexico
84%
Spain
84%
India
79%
Kitchen Aid
79%
Russia
79%
Speed Stick
79%
Turkey
79%
Indonesia
74%
Prefa
74%
Cooler Master
68%
Portugal
68%
Suave
58%
London Fog
53%
Oppo
53%
Cra Z Art
47%
Citizen
37%
Food Lion
37%
Roots
37%
Stayfree
37%
Bourjois
32%
Philosophy
32%
Apacer
26%
Harman
26%
Philips Avent
26%
Prisma
26%
Regal
26%
Smashbox
26%
Urban Decay
26%
Advent Software
21%
Encyclopedia Brittanica
21%
Haagar
21%
Ignis
21%
Kicker
21%
Otto Group
21%
Prismacolor
21%
No matching quizzes found
Score Distribution
Percent of People with Each Score
Percentile by Number Answered
Your Score History
You have not taken this quiz